| 000 | 00681nam a22002057a 4500 | ||
|---|---|---|---|
| 005 | 20150806113302.0 | ||
| 010 | _a1516EN07 ENG-113279 | ||
| 020 |
_a9789351431381 _c795.00 |
||
| 035 | _aEN-96811 | ||
| 037 | _bDBAD/PUB | ||
| 037 |
_bKBD/Ven _adpl |
||
| 082 | _a000 | ||
| 245 |
_aDelhi judicial services (Preliminary) examination : _ba complete preparation manual/ |
||
| 260 |
_aGurgaon _bLexisNexis _c2013 |
||
| 270 |
_a14th Floor, Building No. 10, Tower-N, DLF Cyber City, Phase-II, _bGurgaon _e122002 |
||
| 300 |
_aVarious pagings _c27cm(pbk) |
||
| 490 | _aCatapult test prep series | ||
| 942 |
_2ddc _cEN _mDEL _h000 |
||
| 999 |
_c94021 _d94021 |
||